Central Library || Chittagong University

Wilson and Gisvold's textbook of roganic medicinal and pharmaceutical chemistry (Record no. 86791)

MARC details
000 -LEADER
fixed length control field 00688nam a2200229 a 4500
001 - CONTROL NUMBER
control field 086791
003 - CONTROL NUMBER IDENTIFIER
control field BD-ChCU
005 - DATE AND TIME OF LATEST TRANSACTION
control field 20230204165743.0
008 - FIXED-LENGTH DATA ELEMENTS--GENERAL INFORMATION
fixed length control field 2011s2015 abg b 001 eng
020 ## - INTERNATIONAL STANDARD BOOK NUMBER
International Standard Book Number 978 81 8473 396 9
040 ## - CATALOGING SOURCE
Original cataloging agency DLC
Transcribing agency DLC
Modifying agency BD-ChCU
082 00 - DEWEY DECIMAL CLASSIFICATION NUMBER
Classification number 615.9/W746
100 1# - MAIN ENTRY--PERSONAL NAME
Personal name
Titles and words associated with a name
245 10 - TITLE STATEMENT
Title Wilson and Gisvold's textbook of roganic medicinal and pharmaceutical chemistry
Statement of responsibility, etc.
--
250 ## - EDITION STATEMENT
Edition statement 12th ed.
260 ## - PUBLICATION, DISTRIBUTION, ETC.
Place of publication, distribution, etc. New Delhi
Date of publication, distribution, etc. Walter Kluwer
-- 2011
300 ## - PHYSICAL DESCRIPTION
Extent x,1010pg.
504 ## - BIBLIOGRAPHY, ETC. NOTE
Bibliography, etc. note Includes index and bibliographical reference (p974-p975).
650 #0 - SUBJECT ADDED ENTRY--TOPICAL TERM
Topical term or geographic name entry element Pharmaceutical chemistry
Location of event Organic Medicinal
700 1# - ADDED ENTRY--PERSONAL NAME
Personal name Beale, John M
942 ## - ADDED ENTRY ELEMENTS (KOHA)
Source of classification or shelving scheme Dewey Decimal Classification
Koha item type Books
Holdings
Withdrawn status Lost status Source of classification or shelving scheme Damaged status Not for loan Home library Current library Shelving location Date acquired Source of acquisition Total Checkouts Full call number Barcode Date last seen Copy number Price effective from Koha item type
    Dewey Decimal Classification     Chittagong University Library Applied Chemistry and Chemical Engineering Seminar Library Science Reading Room 01/24/2016 Purchase   615.9/W746 310073 01/25/2016 01 01/24/2016 Books
© Copyright 2025. Chittagong University Library, Installation and Maintenance by Prof. Dr. Md. Alamgir, 01711306253